000 00285nam a22001217a 4500
003 OSt
005 20231006183316.0
008 231006b |||||||| |||| 00| 0 eng d
040 _aCO-JMCR
_cCO-JMCR
082 0 4 _aN /
245 _aEl caballero de la armadura oxidada /
942 _2ddc
_cBK
999 _c30272
_d16656